Kanadyjscy sportowcy - nagła śmierć - Statystyki

Ogólne statystyki
  • Ten quiz został rozwiązany 53 razy
  • Średni wynik to 6 z 16
Answers on the Grid
Answers color-coded by a green-red scale on the quiz's grid according to % correct below.
Alphonso Davies
Wayne Gretzky
Christian Pulisic
Roman Koudelka
Emma Raducanu
Aino-Kaisa Saarinen
Steve Nash
Mackenzie Boyd-Clowes
Anders Fannemel
Felix Auger-Aliassime
Holger Rune
Denis Shapovalov
Landon Donovan
Jessica Diggins
Sidney Crosby
Christine Sinclair
Charlotte Kalla
Jonathan David
Cameron Smith
Andre De Grasse
Lindsey Vonn
Damian Warner
Penelope Oleksiak
Markéta Vondroušová
Alexandria Loutitt
Clint Dempsey
Leylah Fernandez
Taylor Fritz
Andreas Wellinger
Donovan Bailey
Bianca Andreescu
Kikkan Randall
 
Statystyki odpowiedzi
Odpowiedź % Poprawnych
Alphonso Davies
87%
Mackenzie Boyd-Clowes
68%
Wayne Gretzky
65%
Felix Auger-Aliassime
55%
Steve Nash
52%
Denis Shapovalov
48%
Jonathan David
45%
Sidney Crosby
42%
Andre De Grasse
35%
Alexandria Loutitt
29%
Leylah Fernandez
26%
Donovan Bailey
23%
Bianca Andreescu
19%
Christine Sinclair
19%
Penelope Oleksiak
16%
Damian Warner
13%
Nie znaleziono quizów pasujących do podanych kryteriów
Rozkład punktacji
Procent ludzi z każdym wynikiem
Percentyl według liczby udzielonych odpowiedzi
Twoja historia wyników
Nie rozwiązałeś tego quizu